[Event "81st ch-ESP Rapid 2016"]
[Site "Linares ESP"]
[Date "2016.08.14"]
[Round "7.10"]
[White "Ramirez Medina, Victor"]
[Black "Ljubojevic, Ljubomir"]
[Result "1-0"]
[BlackTitle "GM"]
[WhiteElo "2209"]
[BlackElo "2571"]
[WhiteFideId "22286942"]
[BlackFideId "900010"]
[EventDate "2016.08.14"]

1. e4 c5 2. Nf3 e6 3. d4 cxd4 4. Nxd4 Nf6 5. Nc3 d6 6. Bg5 Be7 7. Qd2 h6 8. Bxf6
Bxf6 9. O-O-O a6 10. f4 Be7 11. Be2 O-O 12. g4 b5 13. Bf3 Bb7 14. h4 b4 15. Nce2
Qa5 16. Kb1 Nd7 17. g5 h5 18. g6 Nf6 19. Ng3 Rab8 20. gxf7+ Kxf7 21. Rhg1 g6 22.
f5 exf5 23. exf5 Rg8 24. Bxb7 Rxb7 25. fxg6+ Rxg6 26. Ngf5 Rxg1 27. Rxg1 Ke8 28.
Re1 Qd5 29. Qe2 Kf7 30. Nxe7 Qxd4 31. Qe6+ Kf8 32. Rf1 Rxe7 33. Rxf6+ Ke8 34.
Qc8# 1-0

[Event "81st ch-ESP Rapid 2016"]
[Site "Linares ESP"]
[Date "2016.08.14"]
[Round "7.11"]
[White "Matamoros Franco, Carlos S."]
[Black "Montoliu Cervero, Francisco"]
[Result "0-1"]
[WhiteTitle "GM"]
[BlackTitle "FM"]
[WhiteElo "2488"]
[BlackElo "2346"]
[WhiteFideId "3600017"]
[BlackFideId "2214814"]
[EventDate "2016.08.14"]

1. Nf3 d5 2. c4 c6 3. g3 g6 4. Bg2 Bg7 5. Qa4 Nd7 6. cxd5 cxd5 7. Nc3 Nf6 8. O-O
O-O 9. d4 Nb6 10. Qb3 Bf5 11. Bf4 Ne4 12. Rfc1 Nxc3 13. Rxc3 Rc8 14. Rac1 Rc4
15. Rxc4 dxc4 16. Qa3 a6 17. b3 Nd5 18. Rxc4 Nxf4 19. gxf4 b5 20. Rc1 Qb6 21. e3
Bf6 22. Ne5 Rc8 23. Rxc8+ Bxc8 24. Qc5 Qd8 25. b4 h5 26. a3 h4 27. Qd5 Qe8 28.
Qa8 Bxe5 29. fxe5 Qd7 30. h3 Kg7 31. Kh2 Qf5 32. Qf3 Qd3 33. Qc6 Qf5 34. f4 Bd7
35. Qe4 Qe6 36. d5 Qb6 37. Qd4 Qxd4 38. exd4 Kf8 39. Bf3 f6 40. d6 exd6 41. exd6
Kf7 42. Bd5+ Ke8 43. Kg2 Bf5 44. Bc6+ Kd8 45. Bb7 Kd7 46. Bxa6 Kc6 47. a4 bxa4
48. Bc4 Kxd6 49. d5 Be4+ 50. Kf2 Bxd5 51. Bd3 a3 52. Bb1 a2 53. Bxa2 Bxa2 54.
Kf3 Be6 0-1

[Event "81st ch-ESP Rapid 2016"]
[Site "Linares ESP"]
[Date "2016.08.14"]
[Round "7.12"]
[White "Navarrete Espi, Samuel"]
[Black "Aranda Marin, Cristian"]
[Result "0-1"]
[WhiteTitle "FM"]
[BlackTitle "FM"]
[WhiteElo "2227"]
[BlackElo "2350"]
[WhiteFideId "2237725"]
[BlackFideId "2205513"]
[EventDate "2016.08.14"]

1. e4 c5 2. Nf3 d6 3. d4 cxd4 4. Nxd4 Nf6 5. Nc3 a6 6. Be3 e5 7. Nb3 Be6 8. f3
Nbd7 9. Qd2 Rc8 10. g4 Nb6 11. O-O-O Be7 12. g5 Nh5 13. Rg1 O-O 14. Kb1 g6 15.
f4 exf4 16. Bxf4 Nxf4 17. Qxf4 Rxc3 18. bxc3 Na4 19. Rg3 f6 20. gxf6 Rxf6 21.
Qd2 Qc7 22. Bh3 Bf7 23. Qd4 b5 24. Nc1 Bc4 25. Nd3 Rf8 26. Nb4 Bf6 27. Qxd6
Nxc3+ 28. Rxc3 Qxd6 29. Rxd6 Bxc3 30. Nd5 Be5 31. Re6 Bxh2 32. Re7 Bd6 33. Re6
Bxd5 34. exd5 Rd8 35. Rf6 Kg7 36. Re6 h5 37. Kb2 a5 38. Kc3 g5 39. Bf5 Bf4 40.
Kd4 g4 41. Ke4 Bc1 42. d6 g3 43. Rg6+ Kf7 44. d7 h4 45. Kf3 Bb2 46. Rh6 Bf6 47.
Rh7+ Kg8 48. Rh6 Kg7 49. Rg6+ Kf7 50. Rh6 Ke7 51. Rh7+ Kd6 52. Rh6 Ke5 53. Bh3
Rf8 54. Rh5+ Kd6 55. Rxb5 Bd8+ 56. Ke3 Rf2 57. Rh5 Rh2 58. Rh6+ Ke5 59. Rh5+ Kf6
60. Rh8 Bb6+ 61. Kf3 Rxh3 62. Rh6+ Ke7 63. Rxb6 Rh2 64. Rd6 Kd8 65. c4 Rf2+ 66.
Ke3 Rc2 67. c5 g2 68. Rg6 h3 69. c6 Rxc6 70. Rg8+ Kxd7 71. Kf2 Rc1 72. Rg7+ Ke6
73. Rg6+ Kf5 74. Rg3 Rf1+ 0-1

[Event "81st ch-ESP Rapid 2016"]
[Site "Linares ESP"]
[Date "2016.08.14"]
[Round "7.14"]
[White "Valles Moreno, Ivan"]
[Black "Almagro Mazariegos, Sebastian"]
[Result "0-1"]
[WhiteTitle "IM"]
[BlackTitle "FM"]
[WhiteElo "2447"]
[BlackElo "2303"]
[WhiteFideId "2205688"]
[BlackFideId "2221640"]
[EventDate "2016.08.14"]

1. e4 c5 2. Nf3 d6 3. d4 cxd4 4. Nxd4 Nf6 5. Nc3 a6 6. Bc4 e6 7. Bb3 Nbd7 8. Bg5
Nc5 9. f4 Be7 10. Qf3 O-O 11. Rd1 Nxb3 12. axb3 Qc7 13. O-O Bd7 14. Kh1 b5 15.
b4 Rac8 16. f5 Qc4 17. Nb3 Qxb4 18. e5 Bc6 19. Qh3 dxe5 20. fxe6 Rcd8 21. exf7+
Rxf7 22. Rxd8+ Bxd8 23. Bxf6 Qd6 24. Qc8 Rxf6 25. Rxf6 Qxf6 26. Nd2 h6 27. h3
Kh7 28. Nce4 Qg6 29. Qg4 Qxg4 30. hxg4 Bd7 31. Nc5 Bc8 32. Nf3 Bc7 33. g5 Kg6
34. gxh6 gxh6 35. b4 Kf5 36. Nd2 e4 37. Ndxe4 Ke5 38. c3 Kd5 39. Nf6+ Kc4 40.
Ne8 Be5 41. Ne4 Kd3 42. N4d6 Be6 43. Nc7 Bd4 44. Nc8 Bxc8 0-1

[Event "81st ch-ESP Rapid 2016"]
[Site "Linares ESP"]
[Date "2016.08.14"]
[Round "7.15"]
[White "Gines Esteo, Pedro Antonio"]
[Black "Matnadze, Ana"]
[Result "0-1"]
[BlackTitle "IM"]
[WhiteElo "2194"]
[BlackElo "2355"]
[WhiteFideId "32080190"]
[BlackFideId "13601377"]
[EventDate "2016.08.14"]

1. d4 Nf6 2. Nf3 e6 3. e3 b6 4. Bd3 Bb7 5. O-O g6 6. c4 Bg7 7. Nc3 O-O 8. e4 d6
9. h3 Nbd7 10. Bg5 h6 11. Be3 e5 12. dxe5 dxe5 13. b4 Nh5 14. c5 Nf4 15. Bb5 c6
16. Bc4 Qe7 17. Qd6 Qxd6 18. cxd6 a5 19. b5 Rfc8 20. Rac1 Bf8 21. Bxf4 exf4 22.
e5 Nc5 23. bxc6 Bxc6 24. Bd5 Nd3 25. Rcd1 Nb4 26. Bxc6 Rxc6 27. Ne4 Nxa2 28. Nd4
Rc4 29. Nf6+ Kg7 30. Nb5 Nc3 31. Nxc3 Rxc3 32. Nd5 Rb3 33. Rb1 Rxb1 34. Rxb1 a4
35. Rxb6 a3 36. Rb1 Ra5 37. Nb4 Rb5 38. d7 Be7 39. Ra1 Rxb4 40. Rxa3 Rd4 41. Ra7
Rd1+ 42. Kh2 Bd8 43. g3 fxg3+ 44. Kxg3 Kf8 45. Kf4 Ke7 46. Ke4 Rxd7 47. Ra3 Rb7
48. f4 Bc7 49. Rc3 Kd7 50. h4 Rb4+ 51. Kf3 h5 52. Rd3+ Ke6 53. Rc3 Bb8 54. Rc6+
Ke7 55. Rf6 Bc7 56. Rc6 Bd8 57. Rc3 Ke8 58. Kg3 Rb1 59. Re3 Rg1+ 60. Kh3 Rh1+
61. Kg2 Rxh4 62. Kg3 Rg4+ 63. Kf3 Rg1 64. e6 fxe6 65. Rxe6+ Kf7 66. Rd6 Be7 67.
Rd3 h4 68. Ke4 Re1+ 69. Kd5 Kf6 70. Kc4 Re4+ 0-1

[Event "81st ch-ESP Rapid 2016"]
[Site "Linares ESP"]
[Date "2016.08.14"]
[Round "7.16"]
[White "Anaya Lopez, Gonzalo Javier"]
[Black "Rodriguez Guerrero, Enrique"]
[Result "1-0"]
[WhiteElo "1984"]
[BlackElo "2426"]
[WhiteFideId "22200053"]
[BlackFideId "2216892"]
[EventDate "2016.08.14"]

1. e4 c5 2. Nc3 Nc6 3. g3 g6 4. Bg2 Bg7 5. d3 d6 6. h3 e6 7. f4 Nge7 8. Nf3 Rb8
9. a4 O-O 10. O-O a6 11. Ne2 d5 12. c3 c4 13. e5 Na5 14. dxc4 dxc4 15. Be3 Nb3
16. Qxd8 Rxd8 17. Rad1 Nd5 18. Ba7 Ra8 19. Bf2 Bd7 20. a5 Nxa5 21. Nd2 Ba4 22.
Ra1 b5 23. Nd4 Bf8 24. Ne4 Rac8 25. Rfe1 Nb7 26. g4 Re8 27. Re2 Be7 28. Bg3 Nc5
29. f5 Nxe4 30. Bxe4 Bc5 31. Bxd5 exd5 32. Kg2 Bxd4 33. cxd4 c3 34. bxc3 Rxc3
35. e6 fxe6 36. fxe6 Rc6 37. e7 Bc2 38. Bh4 h6 39. Re5 Be4+ 40. Kg1 g5 41. Be1
Rc4 42. Rxa6 Kg7 43. Ba5 b4 44. Rb6 Rc7 45. Bxb4 Rcxe7 46. Bxe7 1-0

[Event "81st ch-ESP Rapid 2016"]
[Site "Linares ESP"]
[Date "2016.08.14"]
[Round "7.17"]
[White "Domingo Nunez, Alejandro"]
[Black "Alvarado Diaz, Alejandro"]
[Result "1/2-1/2"]
[WhiteTitle "FM"]
[BlackTitle "IM"]
[WhiteElo "2344"]
[BlackElo "2441"]
[WhiteFideId "22245561"]
[BlackFideId "2276119"]
[EventDate "2016.08.14"]

1. e4 d5 2. exd5 Qxd5 3. Nc3 Qd6 4. d4 Nf6 5. h3 g6 6. Nf3 Bg7 7. Be2 O-O 8. O-O
a6 9. Be3 b5 10. Ng5 Bb7 11. Bf3 Bxf3 12. Qxf3 Nbd7 13. Nce4 Qb6 14. Nxf6+ exf6
15. Ne4 Rad8 16. Rad1 f5 17. Nc3 Nf6 18. d5 Qd6 19. a3 Ne4 20. Nxe4 fxe4 21.
Qxe4 Bxb2 22. a4 Rfe8 23. Qh4 Bf6 24. Qg4 h5 25. Qf4 b4 26. Qc4 a5 27. Bc5 Qd7
28. Qa6 Qf5 29. Qxa5 Qxc2 30. Bxb4 Ra8 31. Qc5 Qxc5 32. Bxc5 Ba1 33. Rxa1 1/2-1/2

[Event "81st ch-ESP Rapid 2016"]
[Site "Linares ESP"]
[Date "2016.08.14"]
[Round "7.18"]
[White "Suarez Uriel, Adrian"]
[Black "Garcia Molina, Francisco Miguel"]
[Result "0-1"]
[WhiteTitle "FM"]
[WhiteElo "2311"]
[BlackElo "2166"]
[WhiteFideId "22230874"]
[BlackFideId "2278219"]
[EventDate "2016.08.14"]

1. e4 d6 2. d4 Nf6 3. Nc3 g6 4. g3 Bg7 5. Bg2 O-O 6. Nge2 c6 7. h3 e5 8. Be3 Na6
9. O-O Nc7 10. Qd2 Re8 11. Rad1 Be6 12. Rfe1 a6 13. Nc1 Qc8 14. Kh2 Nb5 15. dxe5
dxe5 16. Na4 Nd7 17. Nb3 Bf8 18. c4 Nd4 19. Nxd4 exd4 20. Qxd4 b5 21. Nb6 Nxb6
22. Qxb6 Rb8 23. Qa7 bxc4 24. Qd4 Bg7 25. e5 Qb7 26. Rd2 h5 27. Qc5 Rec8 28.
Red1 Qb5 29. f4 a5 30. Qe7 Bf8 31. Qg5 Qb4 32. a3 Qe7 33. Qxe7 Bxe7 34. Be4 c3
35. bxc3 Bxa3 36. Bc2 Bb2 37. Rd6 Kg7 38. Rb1 Bxc3 39. Rxb8 Rxb8 40. Rxc6 Bb4
41. Kg1 Bxh3 42. Rc7 Be6 43. Kf2 Rc8 44. Rxc8 Bxc8 45. Ba4 Kf8 46. Bb6 Ke7 47.
Bc7 Bd7 48. Bxd7 Kxd7 49. Bb6 Kc6 50. Bd4 Kd5 51. Ke3 Bc5 52. Bxc5 Kxc5 53. Ke4
a4 54. f5 gxf5+ 55. Kxf5 a3 56. Kf6 Kd5 0-1

[Event "81st ch-ESP Rapid 2016"]
[Site "Linares ESP"]
[Date "2016.08.14"]
[Round "7.19"]
[White "Ladron De Guevara Pinto, Paolo"]
[Black "Rubio Tent, Francisco"]
[Result "1-0"]
[WhiteTitle "FM"]
[WhiteElo "2369"]
[BlackElo "2199"]
[WhiteFideId "2290847"]
[BlackFideId "2238233"]
[EventDate "2016.08.14"]

1. e4 c6 2. d4 d5 3. e5 Bf5 4. h4 h5 5. Bd3 Bxd3 6. Qxd3 e6 7. Bg5 Qa5+ 8. Nd2
Qa6 9. c4 Nh6 10. Ne2 Nd7 11. O-O Nf5 12. Ng3 g6 13. Nxf5 gxf5 14. b3 Be7 15.
Nf3 Qa3 16. cxd5 cxd5 17. Rfc1 Bxg5 18. Nxg5 Ke7 19. Rc7 Rac8 20. Rxb7 Rc1+ 21.
Rxc1 Qxc1+ 22. Kh2 Qf4+ 23. Qg3 Qxd4 24. Nxf7 Kxf7 25. Rxd7+ Ke8 26. Rb7 Rf8 27.
Qg6+ Kd8 1-0

[Event "81st ch-ESP Rapid 2016"]
[Site "Linares ESP"]
[Date "2016.08.14"]
[Round "7.20"]
[White "Ortega Lopez, Mikel"]
[Black "Martinez Reyes, Pedro Ramon"]
[Result "1-0"]
[WhiteTitle "FM"]
[BlackTitle "FM"]
[WhiteElo "2299"]
[BlackElo "2365"]
[WhiteFideId "22252878"]
[BlackFideId "3901807"]
[EventDate "2016.08.14"]

1. e4 c5 2. Nf3 Nc6 3. d4 cxd4 4. Nxd4 d5 5. exd5 Qxd5 6. Be3 e6 7. Nc3 Qe5 8.
Nxc6 bxc6 9. Qd4 Qxd4 10. Bxd4 f6 11. f4 Bd6 12. g3 c5 13. Be3 Bb7 14. Rg1 a6
15. O-O-O Ke7 16. Na4 Bf3 17. Rd2 Rc8 18. Bxa6 Ra8 19. Bb5 Nh6 20. b3 c4 21. Nb6
Rxa2 22. Nxc4 Nf5 23. Bf2 Bd5 24. Re1 Bxc4 25. Bxc4 e5 26. fxe5 fxe5 27. g4 Ra1+
28. Kb2 Rxe1 29. Bxe1 Nd4 30. Bh4+ Kd7 31. Bg3 Kc7 32. Rf2 g6 33. Rf7+ Kc6 34.
c3 Nb5 35. Rf6 Nc7 36. Bxe5 Rd8 37. Bxd6 Rxd6 38. Rxd6+ Kxd6 39. g5 Ke5 40. Bg8
Kf5 41. h4 Kg4 42. Bxh7 Kxh4 43. Bxg6 Kxg5 44. Bd3 Kf6 45. b4 Ke5 46. Kb3 Kd5
47. c4+ Kc6 48. Be4+ Kb6 49. c5+ Kb5 50. Bd3+ Kc6 51. Kc4 Ne6 52. b5+ Kb7 53.
Be4+ Ka7 54. Kd5 Nc7+ 55. Kc6 Kb8 56. b6 Ne6 57. Bg2 Nf4 58. Kd7 Nd5 59. Kd6 Nf6
60. c6 Ne8+ 61. Kd7 Nf6+ 62. Kd8 Nd7 63. c7# 1-0

[Event "81st ch-ESP Rapid 2016"]
[Site "Linares ESP"]
[Date "2016.08.14"]
[Round "7.22"]
[White "Latorre, Manuel"]
[Black "Perera Borrego, Mariela"]
[Result "1-0"]
[WhiteTitle "FM"]
[BlackTitle "WFM"]
[WhiteElo "2298"]
[BlackElo "2157"]
[WhiteFideId "3700844"]
[BlackFideId "22238255"]
[EventDate "2016.08.14"]

1. d4 Nf6 2. c4 e6 3. Nf3 Bb4+ 4. Nbd2 b6 5. e3 Bb7 6. Bd3 O-O 7. O-O d5 8. cxd5
exd5 9. a3 Bd6 10. b4 Nbd7 11. Bb2 Re8 12. Rc1 Qe7 13. Qc2 a5 14. Qb3 Ne4 15.
Bb5 Nxd2 16. Nxd2 axb4 17. axb4 Rec8 18. Bc3 c6 19. Bd3 Nf6 20. Rfe1 Ne4 21.
Bxe4 dxe4 22. Nc4 Qe6 23. Rb1 Bc7 24. Rec1 c5 25. bxc5 Bd5 26. Be1 b5 27. Qxb5
Rab8 28. Nb6 Qh6 29. h3 Re8 30. Qd7 Bxb6 31. Qxd5 Bc7 32. Rb7 Rbc8 33. Qd7 Red8
34. Rxc7 1-0

[Event "81st ch-ESP Rapid 2016"]
[Site "Linares ESP"]
[Date "2016.08.14"]
[Round "7.23"]
[White "Tejedor Fuente, Enrique"]
[Black "Sanz Wawer, Daniel"]
[Result "1-0"]
[WhiteTitle "FM"]
[WhiteElo "2377"]
[BlackElo "2014"]
[WhiteFideId "2299100"]
[BlackFideId "1185543"]
[EventDate "2016.08.14"]

1. e4 c5 2. Nc3 Nc6 3. g3 g6 4. Bg2 Bg7 5. d3 e6 6. Be3 d6 7. Qd2 Nge7 8. Nge2
Nd4 9. O-O Nec6 10. Nc1 O-O 11. Nd1 Ne7 12. c3 Ndc6 13. Ne2 b5 14. Bh6 Bb7 15.
Bxg7 Kxg7 16. Ne3 Rb8 17. f4 f5 18. exf5 Nxf5 19. Nxf5+ exf5 20. d4 Ne7 21. Bxb7
Rxb7 22. dxc5 dxc5 23. Qe3 Qc7 24. Rad1 Ng8 25. Rd5 Nf6 26. Rxc5 Qb6 27. Nd4 Re8
28. Re5 Ng4 29. Nxf5+ Kf7 30. Nh6+ 1-0

[Event "81st ch-ESP Rapid 2016"]
[Site "Linares ESP"]
[Date "2016.08.14"]
[Round "7.24"]
[White "Merario Alarcon, Andres"]
[Black "Lopez Gonzalez, Daniel"]
[Result "1-0"]
[WhiteElo "2262"]
[BlackElo "2279"]
[WhiteFideId "24522767"]
[BlackFideId "2231948"]
[EventDate "2016.08.14"]

1. e4 e5 2. Nf3 Nc6 3. Bb5 a6 4. Ba4 Nf6 5. O-O Be7 6. Re1 b5 7. Bb3 d6 8. c3
O-O 9. d4 Bg4 10. Be3 Na5 11. Bc2 Nc4 12. Bc1 c5 13. b3 Nb6 14. dxe5 Bxf3 15.
Qxf3 dxe5 16. Nd2 Nfd7 17. Nf1 Bg5 18. Ne3 g6 19. Bb2 c4 20. Ba3 Be7 21. Bb2 Qc7
22. Rad1 Rfd8 23. Ng4 f6 24. h4 h5 25. Ne3 Kg7 26. g4 Rh8 27. Qg3 Nc5 28. Ba3
Kf7 29. Nd5 Nxd5 30. exd5 hxg4 31. bxc4 Rh5 32. Bxg6+ Kxg6 33. Qxg4+ Rg5 34.
hxg5 f5 35. d6 Bxd6 36. Qh4 Bf8 37. Bc1 Qd8 38. cxb5 axb5 1-0

[Event "81st ch-ESP Rapid 2016"]
[Site "Linares ESP"]
[Date "2016.08.14"]
[Round "7.25"]
[White "Aranaz Murillo, Amalia"]
[Black "Queirolo Perez, Manuel"]
[Result "1-0"]
[WhiteTitle "WIM"]
[WhiteElo "2269"]
[BlackElo "2096"]
[WhiteFideId "22200371"]
[BlackFideId "3401219"]
[EventDate "2016.08.14"]

1. Nf3 c5 2. c4 g6 3. Nc3 Bg7 4. g3 Nc6 5. Bg2 Nf6 6. O-O O-O 7. d4 cxd4 8. Nxd4
a6 9. c5 Nh5 10. Be3 e6 11. Rc1 Qc7 12. Qd2 Rd8 13. Ne4 Nf6 14. Rfd1 Nxe4 15.
Bxe4 d5 16. cxd6 Rxd6 17. Qe1 Bd7 18. Nxc6 Bxc6 19. Rxd6 Qxd6 20. Bxc6 bxc6 21.
b3 Bb2 22. Rc2 Ba3 23. Qc3 Rc8 24. Bd4 Bb4 25. Qa1 Rd8 26. Bf6 Qd1+ 27. Qxd1
Rxd1+ 28. Kg2 Rd6 29. Be5 Rd5 30. f4 c5 31. Kf3 Kf8 32. e4 Rd1 33. Bf6 Ke8 34.
a3 Bxa3 35. Ke2 Rb1 36. Rd2 Re1+ 37. Kf2 1-0

[Event "81st ch-ESP Rapid 2016"]
[Site "Linares ESP"]
[Date "2016.08.14"]
[Round "7.26"]
[White "Domingo Nunez, Ruben"]
[Black "Hernandez Estevez, Yudania"]
[Result "1-0"]
[WhiteTitle "FM"]
[BlackTitle "WIM"]
[WhiteElo "2321"]
[BlackElo "2232"]
[WhiteFideId "22245570"]
[BlackFideId "2219344"]
[EventDate "2016.08.14"]

1. e4 c6 2. Nc3 d5 3. Nf3 Bg4 4. h3 Bxf3 5. Qxf3 e6 6. d3 Nd7 7. g4 Bb4 8. Bd2
Qb6 9. Bg2 d4 10. Nb1 Bxd2+ 11. Nxd2 Qxb2 12. O-O Nb6 13. a4 Qc3 14. Qf4 Ne7 15.
a5 e5 16. Qxe5 Nd7 17. Qxg7 Rg8 18. Qh6 Rg6 19. Qf4 Rf6 20. Qg5 h6 21. Qg7 O-O-O
22. e5 Rf4 23. Nc4 Rg8 24. Qxh6 Ng6 25. a6 b5 26. Nd6+ Kc7 27. Nxf7 Rxf7 28. e6
Nb8 1-0

[Event "81st ch-ESP Rapid 2016"]
[Site "Linares ESP"]
[Date "2016.08.14"]
[Round "7.27"]
[White "Jimenez Almeida, Luis David"]
[Black "Silva Rodriguez, Fernando"]
[Result "0-1"]
[WhiteElo "2212"]
[BlackElo "2255"]
[WhiteFideId "22242244"]
[BlackFideId "2215268"]
[EventDate "2016.08.14"]

1. d4 Nf6 2. Nf3 e6 3. Bg5 d5 4. Nbd2 c5 5. c3 Nc6 6. e3 Qb6 7. Qb3 c4 8. Qc2
Be7 9. b3 cxb3 10. axb3 a5 11. Bd3 h6 12. Bh4 Bd7 13. O-O O-O 14. Rfb1 Rfc8 15.
Qd1 Qd8 16. Qe2 Ne8 17. Bg3 f5 18. Rc1 Nf6 19. Ne5 Be8 20. Ndf3 Bd6 21. Nxc6
bxc6 22. Bxd6 Qxd6 23. Ne5 Rcb8 24. Rcb1 c5 25. h3 Nd7 26. Nxd7 Bxd7 27. g4 Rf8
28. gxf5 exf5 29. Qf3 cxd4 30. exd4 f4 31. Re1 Bf5 32. Kh2 Bxd3 33. Qxd3 f3+ 34.
Re5 Rae8 35. Re1 Rxe5 36. Rxe5 Qf6 37. Re3 Qf4+ 38. Kh1 h5 39. c4 dxc4 40. bxc4
a4 41. c5 a3 42. Qxa3 Qxd4 43. Qb3+ Kh8 44. c6 Qa1+ 45. Kh2 Qf6 46. Qe6 Qg5 47.
Rxf3 Rxf3 48. Qe8+ Kh7 49. Qe4+ Qf5 0-1

[Event "81st ch-ESP Rapid 2016"]
[Site "Linares ESP"]
[Date "2016.08.14"]
[Round "7.28"]
[White "Valmana Canto, Jaime"]
[Black "Mejuto De Ulloa, Jorge"]
[Result "1-0"]
[WhiteTitle "FM"]
[WhiteElo "2389"]
[BlackElo "2122"]
[WhiteFideId "2268990"]
[BlackFideId "2288370"]
[EventDate "2016.08.14"]

1. Nf3 e6 2. g3 d5 3. Bg2 Nf6 4. O-O Be7 5. c4 O-O 6. b3 b6 7. Bb2 Bb7 8. cxd5
Bxd5 9. Nc3 Bb7 10. d4 Nbd7 11. Qc2 c5 12. e4 cxd4 13. Nxd4 Rc8 14. Rfd1 Qc7 15.
Qe2 Ba8 16. Rac1 Qb8 17. h4 Rfe8 18. h5 h6 19. Bf3 Bb7 20. Rc2 Ne5 21. Bg2 Qa8
22. Ndb5 Red8 23. Rcd2 Rxd2 24. Rxd2 Qb8 25. Qd1 a6 26. Nd6 Bxd6 27. Rxd6 Nc6
28. Na4 Ne8 29. Rd7 b5 30. Nc5 Rc7 31. Rxc7 Qxc7 32. Nxb7 Qxb7 33. e5 Qc7 34.
Qc1 Nb4 35. Qb1 Nd5 36. Qd3 Qd7 37. Bf1 Nec7 38. Qe4 Qc6 39. Bd3 Kf8 40. Qh7 Ne8
41. Be4 Qc5 42. Kg2 b4 43. Bd3 a5 44. Bc4 a4 45. Qe4 axb3 46. axb3 Nec7 47. Bd4
Qc6 48. Kh2 Kg8 49. Bd3 Kf8 50. Qh7 Ne8 51. Bc4 Qc7 52. Qh8+ Ke7 53. Qg8 Qc6 54.
Qh7 Nb6 55. Bf1 Nd5 56. Qe4 Nec7 57. Bg2 Qc1 58. Qd3 Qc6 59. Bf3 Qc1 60. Kg2 Qc6
61. Qd2 Ke8 62. Qa2 Qb7 63. Qa5 Qb5 64. Qa7 Qc6 65. Bc5 Kd7 66. Bd6 Qc3 67. Qb8
Qxb3 68. Qf8 Qc2 69. Qxf7+ Kc6 70. Qxc7+ 1-0

[Event "81st ch-ESP Rapid 2016"]
[Site "Linares ESP"]
[Date "2016.08.14"]
[Round "7.29"]
[White "Lobo Rodriguez, Jesus Angel"]
[Black "Cruz Lledo, Pablo"]
[Result "0-1"]
[BlackTitle "FM"]
[WhiteElo "2133"]
[BlackElo "2414"]
[WhiteFideId "2218747"]
[BlackFideId "2297361"]
[EventDate "2016.08.14"]

1. d4 Nf6 2. c4 e6 3. g3 d5 4. Nf3 c6 5. Qc2 Nbd7 6. Bg2 Bd6 7. O-O O-O 8. Nbd2
Re8 9. b3 Qe7 10. Bb2 b5 11. Ne5 Bb7 12. Rac1 Rac8 13. Qd3 a6 14. c5 Bb8 15. b4
Nxe5 16. dxe5 Nd7 17. Nf3 Rcd8 18. Rcd1 Nf8 19. h4 Bc7 20. Bc3 f6 21. exf6 gxf6
22. Nd4 Be5 23. e3 Qg7 24. f4 Bxd4 25. exd4 f5 26. Kh2 Nd7 27. Rg1 Nf6 28. Bf3
Kh8 29. Rde1 Re7 30. Re3 Bc8 31. Qe2 Bd7 32. a4 Rg8 33. Be1 Qf7 34. axb5 axb5
35. Ra3 Be8 36. Bf2 Qg7 37. Qe5 Bh5 38. Qe2 Bxf3 39. Qxf3 Ra7 40. Rxa7 Qxa7 41.
Re1 Ne4 42. Kh3 Qa2 43. Re2 Qb1 44. Be1 Qd1 45. Re3 Qxf3 46. Rxf3 Ra8 47. g4 Ra2
48. h5 Kg7 49. Re3 h6 50. Bh4 Ra4 51. Be1 fxg4+ 52. Kxg4 Kf6 53. Bh4+ Kf7 54.
Be1 Ra2 55. f5 Nf6+ 56. Kf4 Nxh5+ 57. Ke5 exf5 58. Kd6 f4 59. Re7+ Kg6 60. Bh4
f3 61. Re6+ Kf5 62. Re5+ Kg4 63. Be1 Ra6 64. Kc7 Nf4 65. Kb7 Ra1 66. Bc3 f2 0-1

[Event "81st ch-ESP Rapid 2016"]
[Site "Linares ESP"]
[Date "2016.08.14"]
[Round "7.30"]
[White "Blanco Acevedo, Cristobal Jose"]
[Black "Cuesta Bustos, Raul"]
[Result "1-0"]
[WhiteTitle "IM"]
[WhiteElo "2346"]
[BlackElo "2113"]
[WhiteFideId "3900525"]
[BlackFideId "2221446"]
[EventDate "2016.08.14"]

1. e4 e6 2. d4 d5 3. Nd2 Nf6 4. e5 Nfd7 5. Bd3 c5 6. c3 Nc6 7. Ne2 cxd4 8. cxd4
f6 9. exf6 Nxf6 10. Nf3 Bd6 11. O-O Qc7 12. Bg5 O-O 13. Ng3 e5 14. dxe5 Nxe5 15.
Nxe5 Bxe5 16. Qb3 Kh8 17. Rfe1 Bd7 18. Bxf6 Bxf6 19. Qxd5 Bxb2 20. Qh5 g6 21.
Bxg6 Be8 22. Rxe8 Raxe8 23. Rf1 Re6 24. Bd3 Ref6 25. Ne4 Rf4 26. f3 Bd4+ 27. Kh1
Qg7 28. Ng5 h6 29. Ne6 Qf6 30. Nxf8 Qxf8 31. Re1 Rf7 32. Bc4 Re7 33. Rxe7 Qxe7
34. Qxh6+ Qh7 35. Bf1 1-0

[Event "81st ch-ESP Rapid 2016"]
[Site "Linares ESP"]
[Date "2016.08.14"]
[Round "7.31"]
[White "Jimenez Martinez, Jose Vicente"]
[Black "Barrios Munoz, Rafael Carlos"]
[Result "1-0"]
[WhiteTitle "FM"]
[WhiteElo "2329"]
[BlackElo "2026"]
[WhiteFideId "2264021"]
[BlackFideId "2221136"]
[EventDate "2016.08.14"]

1. d4 Nf6 2. c4 e6 3. Nc3 Bb4 4. a3 c5 5. dxc5 Na6 6. Qd4 Bxc3+ 7. Qxc3 Nxc5 8.
Bg5 Nce4 9. Bxf6 Qxf6 10. Qxf6 Nxf6 11. Nf3 b6 12. e3 Bb7 13. Be2 Rc8 14. O-O d6
15. Nd4 Ke7 16. f3 d5 17. cxd5 Nxd5 18. Kf2 Rhd8 19. g3 e5 20. Nf5+ Kf6 21. e4
Rc2 22. Rad1 Ba6 23. Rfe1 Rxb2 1-0

[Event "81st ch-ESP Rapid 2016"]
[Site "Linares ESP"]
[Date "2016.08.14"]
[Round "7.32"]
[White "Suarez Triguero, Jose Alfonso"]
[Black "Vega Gomez, Francisco B."]
[Result "0-1"]
[WhiteElo "2100"]
[BlackElo "2257"]
[WhiteFideId "2231204"]
[BlackFideId "2268086"]
[EventDate "2016.08.14"]

1. e4 d6 2. d4 Nf6 3. Nc3 Nbd7 4. Nf3 e5 5. Bc4 Be7 6. h3 c6 7. a4 O-O 8. O-O h6
9. Be3 Re8 10. dxe5 dxe5 11. Qd3 Qc7 12. b4 Nf8 13. Rfd1 Bxb4 14. Rab1 Bxc3 15.
Qxc3 Nxe4 16. Qb3 b6 17. Nxe5 Qxe5 18. Bxf7+ Kh8 19. Bd4 Qe7 20. Bxe8 Qxe8 21.
Re1 Qg6 22. Qe3 Bf5 23. g4 Nf6 24. Kh2 Bxc2 25. Rbc1 Bxa4 26. Qc3 c5 27. Bxf6
Qxf6 28. Qxf6 gxf6 29. Re7 Kg8 30. Rc7 Bb3 31. Re1 Be6 32. f4 a5 33. f5 Bf7 34.
Ree7 Be8 35. h4 a4 36. g5 hxg5 37. hxg5 fxg5 38. f6 Bd7 39. Rg7+ Kh8 40. Kg3 a3
41. Rgxd7 Nxd7 42. Rxd7 a2 0-1